000 00909cam a2200301 i 4500
001 31463
005 20230410124053.0
008 810325s1980 sp 000 0 spa
035 _9(DLC) 80120794
035 _a1358434
010 _a 80120794
015 _aSp***
020 _a8432303690
040 _aDLC
_cDLC
_dDLC
043 _ae-sp---
050 1 4 _aLC 93
_bF363s 1980
100 2 _aFernández de Castro, Ignacio.
245 1 0 _aSistema de enseñanza y democracia /
_cpor Ignacio Fernández de Castro.
250 _a1. ed.
260 _aMadrid :
_bSiglo Veintiuno Editores,
_c1980.
300 _a187 p. ;
_c18 cm.
490 1 _aSociología y política
650 0 _aEducation and state
650 0 _aEducation and state
_zSpain.
650 0 _aSchool management and organization
_zSpain.
830 0 _aSociología y política (Siglo Veintiuno de España Editores)
942 _2lcc
_cbk
999 _c70392
_d70392